dime - sombr (lyrics) - Statistics

General Stats
  • This quiz has been taken 41 times
  • The average score is 268 of 338
Answer Stats
Hint Answer % Correct
a
100%
I
100%
of
96%
the
96%
to
96%
You
96%
you
96%
you,
96%
you?
96%
your
96%
Verse 1 You're
96%
you're
96%
And
93%
I'm
93%
in
89%
me
89%
more
89%
than
89%
time
89%
time"
89%
so
86%
with
86%
city
82%
for
82%
For
82%
free,
82%
get
82%
heart
82%
livin'
82%
living
82%
be
79%
"Can
79%
Can
79%
can
79%
Chorus We
79%
dime,
75%
dime
75%
friends
75%
like
75%
love
75%
my
75%
that
75%
wanna
75%
'Cause
71%
crevices
71%
do
71%
end
71%
it
71%
life
71%
nothin'
71%
spend
71%
ten
71%
through
71%
'til
71%
man
68%
something
68%
want
68%
who
68%
don't
64%
needs
64%
start
64%
wait
64%
won't
64%
oh,
61%
Oh,
61%
ooh,
61%
ooh-ooh
61%
waste
61%
While
61%
much
57%
nothing
57%
but
54%
But
54%
care
54%
charm
54%
got
54%
Bridge Is
54%
Just
54%
just
54%
one
54%
said,
54%
see
54%
another
50%
crime
50%
prevalent
50%
yourself?
50%
chance
46%
I'll
46%
left
46%
show
46%
know
43%
can't
39%
Europe
39%
overseas
39%
will
39%
years,
39%
few
36%
harm
36%
up
36%
well
36%
cheer
32%
plane
32%
forget
25%
seem
25%
Knowing
21%
saving,
21%
villain
21%
Verse 2 Take
11%
clearly
7%
No matching quizzes found
Score Distribution
Percent of People with Each Score
Percentile by Number Answered
Your Score History
You have not taken this quiz